| 000 | 01685nab a2200229 i 4500 | ||
|---|---|---|---|
| 001 | 768714001 | ||
| 003 | CO-MdFUSB | ||
| 005 | 20240524124303.0 | ||
| 008 | 240524t1975 sp ||||| |||| 00| 0 spa d | ||
| 040 |
_bspa _cCO-MdFUSB _dCO-MdFUSB |
||
| 041 | _aspa | ||
| 100 |
_aO'Connell, Timothy E., _eautor |
||
| 245 | 3 |
_aLa responsabilidad del intelectual _c/ Timothy E. O'Connell ; traducido por Juan Jose del Moral |
|
| 520 | _aLas tentativas por definir la función y el rol propios del intelectual dentro de la Iglesia católica constituyen un auténtico dilema. Por una parte, si se trazan las líneas de ese rol con excesiva precisión, se corre el riesgo de obstaculizar la creatividad del intelectual. Después de todo, la diversidad de personas, de aptitudes y de intereses humanos ya nos está indicando que es necesario conceder también una amplitud considerable al hecho de la diversidad de los intelectuales. Ciertamente, tenemos derecho a pensar que toda persona desarrollará un enfoque y una configuración de la propia vida intelectual con peculiaridades estrictamente personales. Por esta razón no carece de cierto fundamento la objeción que solemos oír con tanta frecuencia: “¿Quién es usted para definir cómo tiene que ser mi vida profesional cristiana?”. | ||
| 650 | 7 |
_aHumanismo _97308 |
|
| 650 | 7 |
_aFilosofía y religión _9198 |
|
| 650 | 7 |
_aIglesia _9655 |
|
| 700 |
_aMoral, Juan Jose del, _etraductor |
||
| 773 | 0 |
_049450 _982682 _oR2591 _tRevista internacional de teología Concilium _w(CO-MdFUSB)8 _x0210-1041 _gVolumen 101, (enero, 1975) páginas: 117 - 124 _qpáginas: 117 |
|
| 942 | _cANA | ||
| 945 | _aCatherine Arias Álvarez - Practicante SENA | ||
| 999 |
_c69912 _d69912 |
||